000 00188 a2200097 4500
020 _a9780803240735
041 _aeng
100 _aRon Kaplan
245 _a501 baseball books
942 _cBK
999 _c10386
_d10386